000 00874nam a22002297a 4500
999 _c63347
_d63347
005 20240530110636.0
008 170925s2011 ua f b 000 0 ara d
017 _a2011/5546
_bمصر. دار الكتب
020 _a9789771807940
040 _aEG-CaGPL
_cEG-CaGPL
082 0 4 _221
_a305.56
_bق/ن ج
100 0 _aناهد السيد على زيان .
245 1 2 _aالجالية البريطانية فى مصر 1805 - 1882 /
_cتاليف ناهد السيد على زيان .
250 _aط.1
260 _aالقاهرة :
_bمطبعة دار الكتب و الوثائق القومية بالقاهرة ،
_c2011 .
300 _a400 ص ؛
_c24 سم .
650 0 7 _2qrmak
_aالجاليات الاجنبية
_zمصر .
650 0 7 _2qrmak
_aالجالية البريطانية
_zمصر .
651 _2qrmak
942 _2ddc
_cBK